000 00525nam a2200157 a 4500
001 000045572
005 20201002052325.0
008 150415s1980 dr 000 0 spa d
040 _aDO-SdBNP
_bspa
_cBNPHU
100 1 _aLara, Juan José
_973628
245 1 0 _aCuestiones teóricas sobre literatura y arte. /
_cJuan José Lara.
260 _aSanto Domingo :
_bEsfuerzo editorial,
_c1980.
490 1 _aLiteratura y arte
590 _aPerteneció a la biblioteca personal de Erick Landestoy
830 0 _aLiteratura y arte
_914123
999 _c45061
_d45061